000 00986nam a2200301Ia 4500
005 20220317001500.0
008 161108s1991 s g 000 f s
020 _a9788483835456
100 1 _aGordimer, Nadine, 1923-
_d1923-
245 1 3 _aEl conservador
_cNadine Gordimer ; traducción de Manuel Sáenz de Heredia
250 _a2a. edición
300 _a329 páginas
_c19 cm
490 _aMaxi
534 _tThe conservationist
586 _aPremio Nobel de literatura, 1991
650 1 4 _2LEMB
_aNovela sudafricana
_ySiglo XX
650 1 4 _2LEMB
_aLiteratura sudafricana
_ySiglo XX
650 1 4 _2LEMB
_aPoder en la literatura
650 1 4 _2LEMB
_aCrímenes en la literatura
700 1 _aSáenz de Heredia, Manuel
_973967
942 _2loc
_cBKLIT
264 _aBarcelona
_bTusquets
_c1991
336 _atexto
_btxt
_2rdacontent
337 _asin mediación
_bn
_2rdamedia
338 _avolumen
_bnc
_2rdacarrier
040 _aCO-BoRNBP
_bspa
_erda
_cCO-BoRNBP
084 _aN GOR4
999 _c7110
_d7110